Normal view
MARC view
- Kalam, APJ Abdul.
Entry Personal Name
001 - CONTROL NUMBER
- control field: 27012
003 - CONTROL NUMBER IDENTIFIER
- control field: NUST
005 - DATE AND TIME OF LATEST TRANSACTION
- control field: 20191216121944.0
008 - FIXED-LENGTH DATA ELEMENTS
- fixed length control field: 191216|| aca||aabn | a|a d
040 ## - CATALOGING SOURCE
- Original cataloging agency: NUST
- Transcribing agency: NUST
100 ## - HEADING--PERSONAL NAME
- Personal name: Kalam, APJ Abdul.
670 ## - SOURCE DATA FOUND
- Source citation: Work cat.: (NUST): Kalam, APJ Abdul., wings of fire: An autobiography /, 2010.
